00881cam a2200253 i 450000100090000000300090000900500170001800800410003501000170007602000380009304000280013104200080015905000210016708200280018810000330021624501180024925000400036730000460040750200060045350400510045965000440051065000430055470000300059718158555USPCAS-E20180118181412.0140521s2014 maua b 001 0 eng  a 2014007225 a9780262526685 (pbk. : alk. paper) aDLCbengcDLCerdadDLC apcc00aTJ267b.W47 201400a621.433223bWIL-D 20141 aWilson, David Gordon,d1928-14aThe design of high-efficiency turbomachinery and gas turbines /cDavid Gordon Wilson and Theodosios Korakianitis. aSecond edition, with a new preface. axxix, 593 pages :billustrations ;c23 cm a0 aIncludes bibliographical references and index. 0aTurbomachinesxDesign and construction. 0aGas-turbinesxDesign and construction.1 aKorakianitis, Theodosios.